Pride and Prejudice Character - Statistics

General Stats
  • This quiz has been taken 162 times
  • The average score is 11 of 16
Answer Stats
Hint Answer % Correct
"[S]he had a lively, playful disposition, which delighted in anything ridiculous." Elizabeth Bennet
95%
_______was continually giving offense." Mr. Darcy
93%
"[T]o take the good of everybody's character and make it still better, and say nothing of the bad—belongs to you alone. " Jane Bennet
90%
"The business of her life was to get her daughters married; its solace was visiting and news." Mrs. Bennet
90%
"At any rate, she cannot grow many degrees worse, without authorising us to lock her up for the rest of her life." Lydia Bennet
89%
“_________ is blessed with such happy manners as may ensure his making friends—whether he may be equally capable of retaining them, is less certain.” Mr. Wickham
87%
"_______ was sure of being liked wherever he appeared, Mr. Bingley
86%
He was an "Odd [...] mixture of quick parts, sarcastic humour, reserve, and caprice[.]" Mr. Bennet
83%
"[A] sensible, intelligent young woman, about twenty-seven[.]" Charlotte Lucas
82%
He was "[A]ltogether a mixture of pride and obsequiousness, self-importance and humility." Mr. Collins
70%
"Oh! yes—the handsomest young lady that ever was seen; and so accomplished!—She plays and sings all day long." Georgiana Darcy
66%
"[H]e had never in his life witnessed such behaviour in a person of rank—such affability and condescension, as he had himself experienced from _______" Lady Catherine
60%
"[H]er jealousy and dislike of one sister much exceeded her affection for the other." Miss Bingley
60%
"[H]e was an indolent man, who lived only to eat, drink, and play at cards[.]" Mr. Hurst
30%
"[A] good-humoured girl, but as empty-headed as [her father.]" Maria Lucas
19%
"By nature inoffensive, friendly, and obliging, his presentation at St. James's had made him courteous." Sir William Lucas
18%
No matching quizzes found
Score Distribution
Percent of People with Each Score
Percentile by Number Answered
Your Score History
You have not taken this quiz